Countries with the Most Sunlight Per Square Meter - Statistics

General Stats
  • This quiz has been taken 17,409 times
  • The average score is 12 of 20
Answer Stats
Power Country % Correct
6.10 Egypt
91%
6.07 Saudi Arabia
88%
6.23 Sudan
84%
6.16 Oman
82%
6.06 Chad
81%
6.41 Yemen
81%
5.91 Libya
80%
6.17 Niger
80%
6.00 United Arab Emirates
77%
5.89 Qatar
77%
5.93 Mali
75%
5.97 Mauritania
69%
5.90 Jordan
64%
5.89 Eritrea
55%
5.97 Djibouti
52%
6.27 Namibia
41%
6.03 Botswana
35%
5.88 Nauru
15%
6.00 Kiribati
14%
5.84 El Salvador
7%
No matching quizzes found
Score Distribution
Percent of People with Each Score
Percentile by Number Answered
Your Score History
You have not taken this quiz